[Event "Bad Breisig op"]
[Site "?"]
[Date "2000.??.??"]
[Round "1"]
[White "Beckmann, Arne"]
[Black "Boeven, Manfred"]
[Result "0-1"]
[WhiteElo "1745"]
[BlackElo "2122"]
[Annotator "ChessOrg"]
[PlyCount "40"]

1. e4 c5 2. Nc3 e6 3. Nf3 Nc6 4. d4 cxd4 5. Nxd4 Nf6 6. Nxc6 bxc6 7. e5 Nd5 8.
Ne4 f5 9. exf6 Nxf6 10. Nd6+ Bxd6 11. Qxd6 Ba6 12. Bg5 Bxf1 13. Rxf1 Qa5+ 14.
Qd2 Qe5+ 15. Be3 Qxb2 16. Bd4 Qb5 17. Rd1 e5 18. Be3 d5 19. f3 O-O 20. Kf2 Ne4+
0-1

[Event "Bad Breisig op"]
[Site "?"]
[Date "2000.??.??"]
[Round "1"]
[White "Janzen, Christian"]
[Black "Schwertel, Hans"]
[Result "1/2-1/2"]
[WhiteElo "1678"]
[BlackElo "2019"]
[Annotator "ChessOrg"]
[PlyCount "173"]

1. d4 g6 2. Nf3 Bg7 3. e4 d6 4. c3 c6 5. Bd3 Nd7 6. Be3 Qc7 7. Nbd2 e5 8. Nb3
Ngf6 9. h3 b6 10. dxe5 Nxe5 11. Nxe5 dxe5 12. f3 Be6 13. Qe2 Nh5 14. Qf2 Rd8
15. Bc2 O-O 16. O-O Rd7 17. Rfd1 Rfd8 18. Rxd7 Rxd7 19. Rd1 Rxd1+ 20. Bxd1 c5
21. Qd2 Bf8 22. Nc1 Ng7 23. b3 f5 24. Bg5 Qd6 25. Qxd6 Bxd6 26. Kf2 f4 27. Ke2
Kf7 28. Bh4 Nh5 29. Bf2 g5 30. Kd2 Nf6 31. Ne2 h5 32. Ng1 g4 33. Bh4 g3 34.
Bxf6 Kxf6 35. c4 a6 36. Be2 Ke7 37. Bf1 Kd7 38. a4 Kc7 39. Kc3 Bd7 40. Bd3 Be7
41. Bf1 Bd8 42. Kc2 Kd6 43. Ne2 b5 44. axb5 axb5 45. cxb5 Bxb5 46. Nxg3 Be8 47.
Nf5+ Kc6 48. Bc4 Bd7 49. Kd3 Bf6 50. Bf7 h4 51. Nh6 Kb5 52. Ng4 Bg7 53. Kc3 Kc6
54. Bc4 Kd6 55. Nf2 Bc8 56. Nd3 Bf6 57. b4 cxb4+ 58. Kxb4 Bd8 59. Nc1 Kc6 60.
Nb3 Be7+ 61. Kc3 Kb6 62. Nd2 Bc5 63. Nb3 Bf2 64. Kd3 Bd7 65. Ke2 Be3 66. Kd3
Ba4 67. Kc3 Bf2 68. Kb4 Bd7 69. Nc1 Be3 70. Nd3 Bd4 71. Kb3 Ka5 72. Kc2 Ba4+
73. Kd2 Bd7 74. Kc2 Ka4 75. Kd2 Ka3 76. Ke2 Ba4 77. Nf2 Kb4 78. Ba6 Bxf2 79.
Kxf2 Kc3 80. Ke1 Bc2 81. Ke2 Bb1 82. Kf2 Kd2 83. Bb7 Bd3 84. Bc6 Kc3 85. Bb7
Kd4 86. Bc6 Bc4 87. Be8 1/2-1/2

[Event "Bad Breisig op"]
[Site "?"]
[Date "2000.??.??"]
[Round "1"]
[White "Manfeldt, Alfred"]
[Black "Becher, Helmut"]
[Result "0-1"]
[WhiteElo "1757"]
[BlackElo "2221"]
[Annotator "ChessOrg"]
[PlyCount "102"]

1. d4 d5 2. Nf3 Nf6 3. e3 Bf5 4. Bd3 Bxd3 5. Qxd3 c6 6. Ne5 Nbd7 7. f4 Nxe5 8.
fxe5 Ne4 9. Nd2 Nxd2 10. Bxd2 e6 11. O-O Be7 12. Rf3 O-O 13. Rh3 g6 14. Rf1 f5
15. exf6 Rxf6 16. c3 Qd6 17. Rxf6 Bxf6 18. e4 e5 19. dxe5 Bxe5 20. exd5 Rd8 21.
Bg5 Rd7 22. Qd1 Qxd5 23. Qxd5+ Rxd5 24. Bh6 Rd1+ 25. Kf2 Rb1 26. b4 Rb2+ 27.
Kf1 Rxa2 28. Rf3 Bg7 29. Bxg7 Kxg7 30. Rd3 b5 31. Rd6 Ra6 32. Ke2 Kf7 33. Rd7+
Ke6 34. Rxh7 Ra2+ 35. Kd3 Rxg2 36. Rxa7 Rxh2 37. Ra8 Rh4 38. Re8+ Kf5 39. Rf8+
Kg5 40. Rf3 Rc4 41. Rg3+ Kf5 42. Rf3+ Kg4 43. Re3 Kf4 44. Re6 g5 45. Rf6+ Kg3
46. Re6 g4 47. Re3+ Kf4 48. Re1 g3 49. Rf1+ Kg4 50. Rf8 g2 51. Rf6 Kg3 0-1

[Event "Bad Breisig op"]
[Site "?"]
[Date "2000.??.??"]
[Round "1"]
[White "Heyne, Manfred"]
[Black "Peters, Frank"]
[Result "0-1"]
[WhiteElo "1644"]
[BlackElo "2070"]
[Annotator "ChessOrg"]
[PlyCount "114"]

1. d4 g6 2. e4 Bg7 3. Nc3 c6 4. Nf3 d6 5. Be2 Nd7 6. O-O e5 7. dxe5 dxe5 8. Bg5
Qc7 9. a4 Ngf6 10. Re1 O-O 11. h3 Nc5 12. Bc4 Ne6 13. Be3 Nh5 14. Ne2 Rd8 15.
Qc1 Qe7 16. c3 Nc5 17. Qc2 h6 18. b4 Ne6 19. Rad1 Nhf4 20. Rxd8+ Qxd8 21. Rd1
Qf6 22. Qd2 Nxh3+ 23. Kf1 Nhf4 24. Bxe6 Bxe6 25. Nxf4 exf4 26. Bd4 Qe7 27. Bxg7
Kxg7 28. Qxf4 Bb3 29. Rd4 Re8 30. a5 c5 31. Rd6 cxb4 32. cxb4 Qxe4 33. Qxe4
Rxe4 34. Rd4 Bc4+ 35. Kg1 Rxd4 36. Nxd4 Kf6 37. f4 g5 38. g3 gxf4 39. gxf4 h5
40. Kf2 Be6 41. Kg3 Bd7 42. Kh4 Bg4 43. b5 a6 44. b6 Bd1 45. Kg3 Ke7 46. Nc6+
Ke8 47. Kh4 f6 48. Nb4 Kd7 49. Nd5 Ke6 50. Nc7+ Kd6 51. Ne8+ Ke7 52. Nc7 Be2
53. Nd5+ Ke6 54. Nc7+ Kf5 55. Ne8 Kxf4 56. Nxf6 Ke5 57. Ne8 Kd5 0-1

[Event "Bad Breisig op"]
[Site "?"]
[Date "2000.??.??"]
[Round "1"]
[White "Zoefel, Peter"]
[Black "Bergmeister, Ernst"]
[Result "1-0"]
[WhiteElo "2091"]
[BlackElo "1709"]
[Annotator "ChessOrg"]
[PlyCount "99"]

1. d4 d5 2. Nf3 Nf6 3. e3 e6 4. Bd3 c5 5. c3 Nc6 6. Nbd2 Be7 7. O-O O-O 8. Re1
b6 9. dxc5 bxc5 10. e4 dxe4 11. Nxe4 Nxe4 12. Bxe4 Qxd1 13. Rxd1 Bb7 14. Bf4 f5
15. Bc2 Rad8 16. Bb3 Bc8 17. Re1 Kf7 18. Re2 Bf6 19. Rae1 Rfe8 20. Ng5+ Bxg5
21. Bxg5 Rd3 22. Be3 c4 23. Bxc4 Rd7 24. Bb5 Rc7 25. Bf4 e5 26. Bxc6 Rxc6 27.
Bxe5 Rce6 28. f4 Rd8 29. Bd4 Rxe2 30. Rxe2 Be6 31. a3 a6 32. Kf2 Rd7 33. Ke1 g6
34. Kd2 Bd5 35. g3 Be4 36. b3 Ke6 37. Ke3 Kd5 38. c4+ Kc6 39. b4 Rd6 40. a4 Re6
41. b5+ axb5 42. axb5+ Kb7 43. Kd2 Re8 44. Kc3 Ra8 45. Kb4 Rd8 46. Rd2 Re8 47.
c5 Rd8 48. c6+ Kc7 49. Be5+ Kc8 50. Ra2 1-0

[Event "Bad Breisig op"]
[Site "?"]
[Date "2000.??.??"]
[Round "1"]
[White "Boidman, Yuri"]
[Black "Hahner, Anton"]
[Result "1-0"]
[WhiteElo "2422"]
[BlackElo "1799"]
[Annotator "ChessOrg"]
[PlyCount "25"]

1. e4 e6 2. Nf3 c5 3. Nc3 Nc6 4. Bb5 Nge7 5. O-O a6 6. Bxc6 Nxc6 7. d4 cxd4 8.
Nxd4 Bc5 9. Nxc6 bxc6 10. e5 Qc7 11. Bf4 O-O 12. Ne4 Be7 13. Qg4 1-0

[Event "Bad Breisig op"]
[Site "?"]
[Date "2000.??.??"]
[Round "1"]
[White "Hagen, Peter"]
[Black "Otto, Klaus"]
[Result "1-0"]
[WhiteElo "2085"]
[BlackElo "1680"]
[Annotator "ChessOrg"]
[PlyCount "60"]

1. e4 e6 2. d4 d5 3. Nc3 Nf6 4. Bg5 Be7 5. e5 Nfd7 6. Bxe7 Qxe7 7. f4 c5 8. Nb5
Kd8 9. Nf3 a6 10. Nd6 h6 11. c3 Nc6 12. Bd3 c4 13. Bc2 b5 14. a3 Nb6 15. O-O
Bb7 16. f5 Nc8 17. Nxb7+ Qxb7 18. fxe6 fxe6 19. Nh4 Ra7 20. Qg4 Qd7 21. Ng6 Re8
22. Rf8 Kc7 23. Rxe8 Qxe8 24. Nf4 Kb6 25. Nxe6 Re7 26. Nf4 Qg8 27. Qf3 Rd7 28.
Bf5 Rd8 29. Bxc8 Rxc8 30. Nxd5+ Ka5 1-0

[Event "Bad Breisig op"]
[Site "?"]
[Date "2000.??.??"]
[Round "1"]
[White "Hagen, Alexander"]
[Black "Moerger, Karl-Heinz"]
[Result "0-1"]
[WhiteElo "1100"]
[BlackElo "1831"]
[Annotator "ChessOrg"]
[PlyCount "56"]

1. d4 d5 2. Nf3 Nf6 3. e3 Bg4 4. c4 c6 5. Qb3 Qc7 6. Nbd2 Nbd7 7. h3 Bh5 8. Bd3
e6 9. O-O Be7 10. Qc3 Bxf3 11. Nxf3 dxc4 12. Bxc4 O-O 13. Qc2 Rac8 14. e4 c5
15. d5 exd5 16. exd5 Nb6 17. Bg5 Nfxd5 18. Bxe7 Nxe7 19. Ng5 Ng6 20. Rfe1 Qf4
21. Ne4 Ne5 22. Nd6 Nf3+ 23. gxf3 Qxd6 24. Rad1 Qh6 25. Bb3 Qxh3 26. Qe4 c4 27.
Qxb7 cxb3 28. Qxb6 axb6 0-1

[Event "Bad Breisig op"]
[Site "?"]
[Date "2000.??.??"]
[Round "2"]
[White "Schwertel, Hans"]
[Black "Meyer, Marco"]
[Result "1-0"]
[WhiteElo "2019"]
[BlackElo "1576"]
[Annotator "ChessOrg"]
[PlyCount "27"]

1. f4 e6 2. Nf3 c5 3. b3 d5 4. Bb2 Nc6 5. e3 Nge7 6. Bd3 f6 7. Nh4 f5 8. Qh5+
g6 9. Nxg6 hxg6 10. Qxh8 Nb4 11. Bg7 Nxd3+ 12. cxd3 Kf7 13. Be5 Ng8 14. Qh7+
1-0

[Event "Bad Breisig op"]
[Site "?"]
[Date "2000.??.??"]
[Round "2"]
[White "Becher, Helmut"]
[Black "Mann, Klaus-Dieter"]
[Result "1-0"]
[WhiteElo "2221"]
[BlackElo "1916"]
[Annotator "ChessOrg"]
[PlyCount "117"]

1. e4 e5 2. Nf3 Nc6 3. Bb5 a6 4. Bxc6 dxc6 5. O-O f6 6. d4 exd4 7. Nxd4 c5 8.
Nb3 Qxd1 9. Rxd1 Bd7 10. Bf4 O-O-O 11. Nc3 Be6 12. Rxd8+ Kxd8 13. Rd1+ Kc8 14.
Nd5 Bxd5 15. Rxd5 b6 16. c4 Ne7 17. Rd3 Nc6 18. a3 g5 19. Bg3 h5 20. h3 Be7 21.
Kf1 Re8 22. f3 Ne5 23. Bxe5 fxe5 24. Rd5 Bd6 25. Kf2 Kd7 26. Nd2 Ke6 27. Nf1 h4
28. Ne3 c6 29. Rd2 Rd8 30. Nf5 Bc7 31. Rxd8 Bxd8 32. g3 Bf6 33. b3 Bd8 34. Ne3
Bf6 35. Nd1 Be7 36. Nb2 b5 37. a4 Bd6 38. Nd3 Be7 39. gxh4 gxh4 40. f4 exf4 41.
Kf3 Bf8 42. Nxf4+ Kf6 43. Kg4 bxc4 44. bxc4 Bd6 45. Nd3 Bg3 46. Kf3 Bd6 47. Ke3
Bc7 48. Ne1 Bg3 49. Nd3 Bd6 50. Kf3 Bg3 51. Nxc5 Ke5 52. Ke3 a5 53. Nd3+ Kd6
54. c5+ Ke6 55. Kd4 Kf6 56. Ke3 Kg5 57. Nb2 Kf6 58. Nc4 Bc7 59. Nd6 1-0

[Event "Bad Breisig op"]
[Site "?"]
[Date "2000.??.??"]
[Round "2"]
[White "Peters, Frank"]
[Black "Gruenig, Siegfried"]
[Result "1-0"]
[WhiteElo "2070"]
[BlackElo "1863"]
[Annotator "ChessOrg"]
[PlyCount "95"]

1. d4 Nf6 2. g3 c5 3. d5 d6 4. Bg2 g6 5. c4 Bg7 6. Nc3 O-O 7. e4 Na6 8. Nf3 Rb8
9. O-O Bd7 10. Qe2 Nc7 11. a4 a6 12. e5 Nfe8 13. exd6 exd6 14. Bg5 f6 15. Bf4
Rf7 16. Rfe1 Bf8 17. h4 Ng7 18. Ne4 Bc8 19. Qd2 b6 20. Ra3 Bf5 21. Nh2 b5 22.
axb5 axb5 23. b3 Bc8 24. Ra7 Rb7 25. Rxb7 Bxb7 26. Bh3 Nf5 27. Bxf5 gxf5 28.
Nc3 bxc4 29. bxc4 Ba6 30. Qd3 Re7 31. Rb1 Ne8 32. Nf1 Ng7 33. Ne3 Bc8 34. Bh6
Qd7 35. Rb8 Kf7 36. Qb1 Re8 37. Ne2 Nh5 38. Bxf8 Kxf8 39. Kf1 f4 40. gxf4 Qh3+
41. Ke1 Re7 42. Qb6 Kf7 43. Qxd6 Ra7 44. Qxc5 Ra1+ 45. Kd2 Ra2+ 46. Kc3 Rxe2
47. Rxc8 Rxf2 48. Rc7+ 1-0

[Event "Bad Breisig op"]
[Site "?"]
[Date "2000.??.??"]
[Round "2"]
[White "Schmidt, Waldemar"]
[Black "Janzen, Christian"]
[Result "0-1"]
[WhiteElo "1946"]
[BlackElo "1678"]
[Annotator "ChessOrg"]
[PlyCount "158"]

1. d4 d5 2. Nf3 e6 3. Bf4 Bd6 4. Bg3 Qe7 5. e3 f5 6. Bh4 Nf6 7. Nbd2 Nbd7 8. c4
c6 9. Qc2 h6 10. cxd5 cxd5 11. Bg3 b6 12. Qc6 Bxg3 13. Qxa8 Bb8 14. Ne5 Qb4 15.
O-O-O O-O 16. a3 Qd6 17. Qc6 Nxe5 18. Qxd6 Bxd6 19. dxe5 Bxe5 20. f3 Bd7 21.
Ba6 Bd6 22. Nb1 b5 23. Nc3 Rb8 24. a4 bxa4 25. Kc2 Rb6 26. Bd3 Be5 27. Ra1 g5
28. h4 g4 29. f4 Bxc3 30. bxc3 Bc6 31. Rhb1 Nd7 32. g3 Kf7 33. Rb4 Ke7 34. Rab1
Kd6 35. Kb2 a5 36. Rxb6 Nxb6 37. Ka3 Kc5 38. Ba6 Bd7 39. Kb2 Bb5 40. Bxb5 Kxb5
41. Ka3+ Kc5 42. Re1 h5 43. Rb1 Kc6 44. Rd1 Kc5 45. Rd4 Kc6 46. Rd1 Kc5 47. Rb1
Kc6 48. Ka2 Kc5 49. Re1 Nc4 50. Re2 Kb5 51. Kb1 Kc5 52. Kc2 Na3+ 53. Kd3 Nc4
54. Re1 Nb2+ 55. Kc2 Nc4 56. Ra1 Nb6 57. Kd3 Nc4 58. Ra2 a3 59. Kc2 Nxe3+ 60.
Kb3 Nc4 61. Re2 Kd6 62. Ka4 e5 63. fxe5+ Nxe5 64. Kxa3 Ng6 65. Ka4 f4 66. gxf4
Nxf4 67. Re1 Ng6 68. Rh1 Kc5 69. Kb3 a4+ 70. Kc2 Kc4 71. Ra1 a3 72. Rxa3 Nxh4
73. Ra4+ Kc5 74. Kd3 Nf5 75. Rf4 Ng3 76. Kd2 Kd6 77. Ke3 Ke5 78. Ra4 Ne4 79. c4
d4+ 0-1

[Event "Bad Breisig op"]
[Site "?"]
[Date "2000.??.??"]
[Round "2"]
[White "Boeven, Manfred"]
[Black "Schwarz, Werner"]
[Result "1-0"]
[WhiteElo "2122"]
[BlackElo "1904"]
[Annotator "ChessOrg"]
[PlyCount "49"]

1. d4 Nf6 2. Nc3 g6 3. e4 d6 4. f4 Bg7 5. Nf3 Bg4 6. h3 Bxf3 7. Qxf3 c6 8. Be3
Nbd7 9. e5 Ng8 10. O-O-O d5 11. g4 Qa5 12. f5 O-O-O 13. Kb1 e6 14. fxe6 fxe6
15. Qf7 Bh6 16. Bxh6 Nxh6 17. Qg7 Qb4 18. Qxh6 Rdf8 19. Qe3 Rf7 20. Be2 Nb6 21.
Rhf1 Rc7 22. Rf6 Re8 23. a3 Qe7 24. Rdf1 Qg7 25. Qf4 1-0

[Event "Bad Breisig op"]
[Site "?"]
[Date "2000.??.??"]
[Round "2"]
[White "Moerger, Karl-Heinz"]
[Black "Zoefel, Peter"]
[Result "0-1"]
[WhiteElo "1831"]
[BlackElo "2091"]
[Annotator "ChessOrg"]
[PlyCount "122"]

1. e4 e5 2. Nf3 Nf6 3. Nxe5 d6 4. Nf3 Nxe4 5. d4 d5 6. Bd3 Bd6 7. O-O Bg4 8.
Re1 f5 9. c4 O-O 10. c5 Bxh2+ 11. Kxh2 Nxf2 12. Qe2 Nxd3 13. Qxd3 Bxf3 14. Bd2
Qh4+ 15. Kg1 Be4 16. Qf1 Rf6 17. Qf4 Qxf4 18. Bxf4 Nc6 19. Rd1 Nb4 20. Nc3 c6
21. Rd2 h6 22. Rad1 Re8 23. a3 Na6 24. b4 Nb8 25. Be5 Rfe6 26. a4 Nd7 27. Bd6
a6 28. b5 axb5 29. axb5 Ra8 30. bxc6 bxc6 31. Rb2 Ra3 32. Ne2 Ra7 33. Nf4 Re8
34. Ng6 Kf7 35. Ne5+ Nxe5 36. Bxe5 g5 37. Rdd2 f4 38. Rb6 Rc8 39. Rdb2 Kg6 40.
Rb7 Ra1+ 41. Kf2 h5 42. Rc7 Rxc7 43. Bxc7 Kf5 44. g3 Rh1 45. Rb6 Rh2+ 46. Kf1
Rh1+ 47. Kf2 fxg3+ 48. Bxg3 h4 49. Be5 Rc1 50. Rxc6 Rc2+ 51. Kg1 g4 52. Rf6+
Kg5 53. Rf2 Rc3 54. Bf4+ Kh5 55. Rf1 g3 56. Be5 h3 57. Bxg3 Rxg3+ 58. Kh2 Kg4
59. c6 Rg2+ 60. Kh1 Rc2+ 61. Kg1 h2# 0-1

[Event "Bad Breisig op"]
[Site "?"]
[Date "2000.??.??"]
[Round "2"]
[White "Warlo, Franz"]
[Black "Hagen, Peter"]
[Result "0-1"]
[WhiteElo "1684"]
[BlackElo "2085"]
[Annotator "ChessOrg"]
[PlyCount "42"]

1. e4 c5 2. f4 d5 3. exd5 Nf6 4. d3 Nxd5 5. Be2 Qd6 6. g3 g6 7. c3 Bg7 8. Bd2
O-O 9. h3 g5 10. Qc1 Nc6 11. Nf3 gxf4 12. g4 e5 13. Na3 Qh6 14. g5 Qh5 15. h4
Bg4 16. Kf2 Rfe8 17. Qd1 e4 18. dxe4 Rxe4 19. Ng1 Rxe2+ 20. Nxe2 Re8 21. Re1
Qxh4+ 0-1

[Event "Bad Breisig op"]
[Site "?"]
[Date "2000.??.??"]
[Round "2"]
[White "Hahner, Anton"]
[Black "Hagen, Alexander"]
[Result "1-0"]
[WhiteElo "1799"]
[BlackElo "1100"]
[Annotator "ChessOrg"]
[PlyCount "49"]

1. e4 e5 2. Nf3 Nc6 3. Bc4 Bc5 4. O-O d6 5. h3 h6 6. c3 Nf6 7. b4 Bxb4 8. cxb4
Nxb4 9. Bxf7+ Kxf7 10. Qb3+ Ke7 11. Qxb4 Re8 12. Nc3 Kf8 13. a4 a5 14. Qb3 Be6
15. Qa3 Bc4 16. Re1 Re7 17. d4 exd4 18. Nxd4 d5 19. Nf5 d4 20. Nd5 Bxd5 21.
exd5 Nxd5 22. Nxe7 Nxe7 23. Bf4 Kf7 24. Qf3 Kg8 25. Qxb7 1-0

[Event "Bad Breisig op"]
[Site "?"]
[Date "2000.??.??"]
[Round "2"]
[White "Lueker, Horst"]
[Black "Boidman, Yuri"]
[Result "0-1"]
[WhiteElo "1912"]
[BlackElo "2422"]
[Annotator "ChessOrg"]
[PlyCount "68"]

1. e4 c5 2. Nc3 Nc6 3. g3 g6 4. Bg2 Bg7 5. d3 Rb8 6. Be3 b5 7. Qd2 b4 8. Nd1 d6
9. f4 e6 10. Nf3 Nge7 11. O-O Qb6 12. Re1 O-O 13. c3 bxc3 14. bxc3 Ba6 15. d4
cxd4 16. cxd4 d5 17. Ne5 Rfd8 18. exd5 Nxd5 19. Bf2 Qb4 20. Qxb4 Ncxb4 21. Be4
f6 22. a3 fxe5 23. axb4 Bc4 24. dxe5 a6 25. Nb2 Bb5 26. Bc5 g5 27. Bd6 Rxd6 28.
exd6 Bxb2 29. Bxd5 exd5 30. Rad1 d4 31. fxg5 Rd8 32. Re6 Bc4 33. Rf6 d3 34. Rf4
Bb5 0-1

[Event "Bad Breisig op"]
[Site "?"]
[Date "2000.??.??"]
[Round "3"]
[White "Linke, Kersten"]
[Black "Lueker, Horst"]
[Result "0-1"]
[WhiteElo "1800"]
[BlackElo "1912"]
[Annotator "ChessOrg"]
[PlyCount "108"]

1. e4 e6 2. d4 d5 3. e5 c5 4. c3 Nc6 5. Nf3 Bd7 6. Bd3 cxd4 7. cxd4 Qb6 8. O-O
Nxd4 9. Nxd4 Qxd4 10. Nc3 a6 11. Kh1 Ne7 12. Qe2 Nc6 13. f4 g6 14. Be3 Qb4 15.
a3 Qa5 16. Qf2 d4 17. Bxd4 Nxd4 18. Qxd4 Bc5 19. Qe4 Bc6 20. Qe2 Qc7 21. Ne4
Be7 22. Rac1 Rd8 23. Rfd1 O-O 24. Bb1 Qb6 25. Qf2 Qb3 26. Nc3 Rxd1+ 27. Rxd1
Bxa3 28. bxa3 Qxc3 29. Rd3 Qc1+ 30. Qg1 Qxf4 31. Qe1 Qe4 32. Qg3 Qe2 33. Kg1
Be4 34. Re3 Qd1+ 35. Re1 Qd4+ 36. Qf2 Qxf2+ 37. Kxf2 Bc6 38. Rd1 Rc8 39. g3 Kf8
40. Ke3 Ke7 41. Ba2 h6 42. Rd4 Rd8 43. Rh4 h5 44. a4 Rd1 45. Bb3 Rb1 46. Bc2
Rb2 47. Kd2 Ra2 48. Kc3 Ra3+ 49. Kd2 Bd5 50. Rb4 Rf3 51. Ke2 Rc3 52. Bd3 Bc6
53. Kd2 Rc5 54. Rb6 Kd7 0-1

[Event "Bad Breisig op"]
[Site "?"]
[Date "2000.??.??"]
[Round "3"]
[White "Hagen, Peter"]
[Black "Boeven, Manfred"]
[Result "1/2-1/2"]
[WhiteElo "2085"]
[BlackElo "2122"]
[Annotator "ChessOrg"]
[PlyCount "36"]

1. e4 c5 2. Nc3 e6 3. g3 d5 4. exd5 exd5 5. Bg2 Nf6 6. d3 Be7 7. Nge2 d4 8. Ne4
Nxe4 9. Bxe4 Nd7 10. O-O Nf6 11. Bg2 O-O 12. Bg5 h6 13. Bxf6 Bxf6 14. Nf4 Re8
15. Re1 Rxe1+ 16. Qxe1 g5 17. Nd5 Be6 18. Qe4 Bxd5 1/2-1/2

[Event "Bad Breisig op"]
[Site "?"]
[Date "2000.??.??"]
[Round "3"]
[White "Schmidt, Waldemar"]
[Black "Dunkel, Horst"]
[Result "1-0"]
[WhiteElo "1946"]
[BlackElo "1611"]
[Annotator "ChessOrg"]
[PlyCount "65"]

1. d4 Nf6 2. Nf3 e6 3. g3 d5 4. Bg2 Bb4+ 5. c3 Bd6 6. O-O Nbd7 7. Nbd2 O-O 8.
Re1 c6 9. e4 dxe4 10. Nxe4 Be7 11. Qc2 Re8 12. Bf4 Nxe4 13. Rxe4 Nf6 14. Ree1
Nd5 15. Bd2 Bd7 16. h4 c5 17. dxc5 Bxc5 18. Ng5 g6 19. Rad1 Qb6 20. Ne4 Be7 21.
Bh6 Bc6 22. Ng5 Bf6 23. h5 Bg7 24. hxg6 hxg6 25. Bxg7 Kxg7 26. c4 Nc7 27. Qc3+
f6 28. c5 Qa6 29. Rd6 Qxa2 30. Bxc6 bxc6 31. Rd7+ Kh6 32. Qxf6 Nd5 33. Rh7# 1-0

[Event "Bad Breisig op"]
[Site "?"]
[Date "2000.??.??"]
[Round "3"]
[White "Hagen, Alexander"]
[Black "Peters, Paul"]
[Result "0-1"]
[WhiteElo "1100"]
[BlackElo "1900"]
[Annotator "ChessOrg"]
[PlyCount "86"]

1. d4 Nf6 2. Nf3 d6 3. e3 Nbd7 4. Bd3 e5 5. Nbd2 Qe7 6. dxe5 dxe5 7. e4 Nc5 8.
O-O Nxd3 9. cxd3 c6 10. b3 Bg4 11. Bb2 Nd7 12. Qc2 f6 13. d4 g6 14. h3 Bxf3 15.
Nxf3 Bg7 16. Rad1 Rd8 17. Rfe1 O-O 18. Qc1 Rfe8 19. Qc4+ Kh8 20. d5 c5 21. Ba3
Qd6 22. b4 Bf8 23. Rc1 cxb4 24. Bb2 Nb6 25. Qb5 a6 26. Qe2 Rc8 27. Qe3 Na4 28.
Rb1 Rc2 29. Qb3 Qc5 30. Rf1 b5 31. Ne1 Rxb2 32. Rxb2 Nxb2 33. Qxb2 Qc3 34. Qxc3
bxc3 35. Nd3 a5 36. Ra1 b4 37. g4 g5 38. Kg2 Rc8 39. Kg3 Kg8 40. h4 h6 41. Kf3
gxh4 42. Kg2 c2 43. Kh3 Rc3 0-1

[Event "Bad Breisig op"]
[Site "?"]
[Date "2000.??.??"]
[Round "3"]
[White "Boidman, Yuri"]
[Black "Peters, Frank"]
[Result "1/2-1/2"]
[WhiteElo "2422"]
[BlackElo "2070"]
[Annotator "ChessOrg"]
[PlyCount "118"]

1. e4 g6 2. d4 Bg7 3. c4 d6 4. Nc3 e5 5. dxe5 dxe5 6. Qxd8+ Kxd8 7. Bg5+ f6 8.
O-O-O+ Nd7 9. Be3 Bh6 10. Bxh6 Nxh6 11. f4 c6 12. g3 Ke7 13. Nf3 Nf7 14. Bg2
Nc5 15. b4 Ne6 16. f5 Nc7 17. g4 Bd7 18. h4 a5 19. Na4 axb4 20. Nb6 Rad8 21. g5
Be8 22. Rxd8 Nxd8 23. Nc8+ Kd7 24. Nb6+ Ke7 25. Rd1 Nf7 26. Nc8+ Kf8 27. gxf6
gxf5 28. exf5 Rg8 29. Bf1 c5 30. Ne7 Rg3 31. Be2 Ba4 32. Rd2 e4 33. Ng5 Nxg5
34. hxg5 Rg1+ 35. Kb2 Rxg5 36. Bd1 Bxd1 37. Rxd1 Ne8 38. Rd8 Kf7 39. Rd7 Kxf6
40. Nd5+ Kxf5 41. Rf7+ Kg6 42. Rxb7 Re5 43. Kc2 h5 44. Rb5 Kg5 45. Rxc5 e3 46.
Kd1 Nd6 47. Rc7 e2+ 48. Ke1 Nf5 49. Nxb4 Nd4 50. Nd3 Nc2+ 51. Kd2 e1=Q+ 52.
Nxe1 Nxe1 53. c5 Nf3+ 54. Kd3 h4 55. c6 Re6 56. Rg7+ Kf6 57. c7 Rc6 58. Rh7 Ke6
59. Ke3 Ne5 1/2-1/2

[Event "Bad Breisig op"]
[Site "?"]
[Date "2000.??.??"]
[Round "3"]
[White "Schork, Stefan"]
[Black "Schwertel, Hans"]
[Result "1-0"]
[WhiteElo "2199"]
[BlackElo "2019"]
[Annotator "ChessOrg"]
[PlyCount "121"]

1. e4 d5 2. exd5 Qxd5 3. Nc3 Qa5 4. d4 c6 5. Bc4 Bf5 6. Qe2 e6 7. Bd2 Bb4 8.
O-O-O Nf6 9. a3 Bxc3 10. Bxc3 Qc7 11. d5 cxd5 12. Bxf6 gxf6 13. Bxd5 Nc6 14.
Bb3 Qe5 15. Qc4 Qe4 16. Qb5 Rb8 17. Nf3 O-O 18. Rd7 Ne5 19. Nxe5 fxe5 20. f3
Qe3+ 21. Kb1 a6 22. Qb4 b6 23. Re1 Qf2 24. Qd2 Qc5 25. Qg5+ Bg6 26. h4 e4 27.
Qxc5 bxc5 28. fxe4 h5 29. Kc1 Rfc8 30. Bc4 a5 31. e5 Rd8 32. Red1 Rdc8 33. Ra7
Ra8 34. Rdd7 Kf8 35. Rxa8 Rxa8 36. Rc7 Ke8 37. Bb5+ Kd8 38. Rxc5 Ra7 39. Bd3
Bxd3 40. cxd3 Ke7 41. Kc2 Kd7 42. Rc4 Ra8 43. g4 hxg4 44. Rxg4 Rh8 45. Kd2 Rb8
46. b4 axb4 47. axb4 Kc6 48. Kc3 Kd5 49. d4 Rc8+ 50. Kb3 Rc1 51. b5 Rb1+ 52.
Kc3 Rxb5 53. h5 Rb8 54. h6 Rh8 55. Rh4 Rh7 56. Kd3 Kc6 57. Ke4 Kb5 58. Kf4 Kc6
59. Kg5 Kd7 60. Kh5 Kc6 61. Rg4 1-0

[Event "Bad Breisig op"]
[Site "?"]
[Date "2000.??.??"]
[Round "3"]
[White "Janzen, Christian"]
[Black "Woeltge, Carsten"]
[Result "0-1"]
[WhiteElo "1678"]
[BlackElo "1933"]
[Annotator "ChessOrg"]
[PlyCount "111"]

1. d4 Nf6 2. Bg5 c5 3. Bxf6 gxf6 4. c3 Qb6 5. Qb3 Qc7 6. dxc5 e6 7. Nd2 Bxc5 8.
e3 d5 9. Ngf3 Nc6 10. g3 Bd7 11. Bg2 Na5 12. Qd1 Bd6 13. Nb3 Nc4 14. Qb1 f5 15.
Nfd4 a5 16. Nd2 Nxd2 17. Kxd2 b5 18. Rc1 O-O 19. a3 Qc8 20. Qd3 Qc4 21. Bf1
Qxd3+ 22. Bxd3 Rab8 23. b4 a4 24. f4 Kh8 25. Rf1 Rg8 26. Rf2 Be7 27. Rc1 h5 28.
Nf3 Bf6 29. Bf1 Kh7 30. Rc2 Rbc8 31. Rg2 Rc7 32. Nd4 Rb7 33. Kc1 Kg7 34. Kb2
Kf8 35. Bd3 Ke7 36. Bf1 Kd6 37. Bd3 Kc7 38. Rcf2 Kb6 39. Be2 Rh8 40. Rf1 Rbb8
41. Rd1 Rbg8 42. Rd2 Rg7 43. Rc2 Rgh7 44. Bd3 Rh6 45. Bf1 h4 46. gxh4 Rxh4 47.
Rcf2 Rh3 48. Re2 R3h5 49. Kc2 Rc8 50. Rg1 Rc7 51. Kd3 Rh8 52. Rc2 Rhc8 53. h3
Bh4 54. Rg7 Be8 55. Be2 Be1 56. Nxb5 0-1

[Event "Bad Breisig op"]
[Site "?"]
[Date "2000.??.??"]
[Round "3"]
[White "Schwarz, Werner"]
[Black "Reinke, Kurt"]
[Result "0-1"]
[WhiteElo "1904"]
[BlackElo "1817"]
[Annotator "ChessOrg"]
[PlyCount "126"]

1. e4 c5 2. Nf3 d6 3. d4 cxd4 4. Nxd4 Nf6 5. Nc3 a6 6. Bg5 e6 7. Qf3 Be7 8.
O-O-O Qc7 9. Qg3 b5 10. Bxf6 gxf6 11. Bxb5+ Bd7 12. Bxd7+ Kxd7 13. Qg7 Rf8 14.
Qxh7 Nc6 15. Nb3 Ne5 16. Qh3 Rfc8 17. f4 Ng6 18. Qf3 a5 19. Nd4 Rab8 20. Rd2 a4
21. Nxa4 Qa5 22. Nc3 Nxf4 23. Nb3 Qe5 24. g3 Nh3 25. Rd3 Qg5+ 26. Kb1 Qg7 27.
Re1 Ke8 28. g4 Ng5 29. Qg2 Rb4 30. h4 Nh7 31. Qh3 Rcc4 32. a3 Rb8 33. Nd4 f5
34. Ndb5 fxg4 35. Qg3 Qe5 36. Qxe5 dxe5 37. Ka2 Nf6 38. Nd6+ Bxd6 39. Rxd6 g3
40. Rd3 Nh5 41. Rde3 g2 42. b3 Rcc8 43. Kb2 Nf4 44. Rg3 Ke7 45. Ne2 Rg8 46.
Rxg8 Rxg8 47. Ng1 Rg4 48. Nf3 Rg3 49. Ng1 Ng6 50. h5 Nh4 51. a4 Rg5 52. Rd1 f5
53. a5 Rxh5 54. b4 f4 55. Rd2 Rh8 56. Kb3 Rb8 57. a6 Rb6 58. b5 Rxb5+ 59. Ka4
Rb1 60. Rd3 Rxg1 61. Ra3 Rb1 62. a7 g1=Q 63. a8=Q Qd4+ 0-1

[Event "Bad Breisig op"]
[Site "?"]
[Date "2000.??.??"]
[Round "3"]
[White "Gruenig, Siegfried"]
[Black "Hahner, Anton"]
[Result "1/2-1/2"]
[WhiteElo "1863"]
[BlackElo "1799"]
[Annotator "ChessOrg"]
[PlyCount "106"]

1. d4 d5 2. e3 Nf6 3. Bd3 e6 4. Nd2 c5 5. c3 Nc6 6. Ngf3 Bd6 7. O-O O-O 8. Re1
e5 9. dxe5 Nxe5 10. Be2 Qc7 11. Nxe5 Bxe5 12. Nf3 Bg4 13. h3 Be6 14. Qc2 Bd6
15. Bd2 h6 16. c4 Rfe8 17. Rad1 Rad8 18. Bc3 Be7 19. Be5 Qc6 20. b3 dxc4 21.
bxc4 Qc8 22. Bf1 Nd7 23. Bg3 Bf6 24. Nd2 Be5 25. f4 Bc7 26. Bf2 f6 27. Be2 Nf8
28. Bf3 Bd7 29. Nf1 Ba5 30. Bd5+ Be6 31. Re2 Re7 32. e4 Red7 33. Ne3 Bf7 34.
Rf1 Ne6 35. Bxe6 Bxe6 36. Nd5 Bf7 37. Bh4 Re8 38. Qb3 Qc6 39. Be1 Bc7 40. Bc3
b6 41. Bb2 Qb7 42. Qf3 Red8 43. Qg4 Bxd5 44. exd5 Rf7 45. Re6 Rdf8 46. Rfe1 Qb8
47. g3 Qd8 48. Qf3 Bd6 49. R1e3 Qb8 50. a4 Qd8 51. Qe2 Qc7 52. Kg2 Qd7 53. Qc2
Qc7 1/2-1/2